000 00391nam a2200121 a 4500
005 20140414131848.0
008 100717s19uu xx 00 eng d
050 _aM 398.9
_bT55 1992
245 _aToo many cooks.. :
_band other proverbs /
_cillustrated by Maggie Kneen.
260 _aNew York :
_bGreen Tiger press,
_c1992.
650 _aProverbs, English
_xJuvenile literature
999 _c110041
_d110041